LEADER 01929oam 2200517 450 001 9910702620103321 005 20150320084815.0 035 $a(CKB)5470000002429991 035 $a(OCoLC)894579077 035 $a(EXLCZ)995470000002429991 100 $a20141106d2009 ua 0 101 0 $aeng 135 $aurmn||||a|||| 181 $ctxt$2rdacontent 182 $cc$2rdamedia 183 $acr$2rdacarrier 200 00$aBest practices $etips to keep track of files and organize your MOVES runs /$fFHWA Resource Center, EPA Office of Transportation and Air Quality 210 1$a[Washington, D.C.] :$cEPA Office of Transportation and Air Quality :$cFHWA Resource Center,$d[2009] 215 $a1 online resource (5 pages) $ccolor illustrations 300 $aTitle from title screen (viewed on November 6, 2014). 300 $a"EPA-420-B-09-027." 517 $aBest practices 606 $aAir$xPollution$xMeasurement$xComputer programs$vHandbooks, manuals, etc 606 $aMotor vehicles$xMotors 606 $aAutomobiles$xMotors$xExhaust gas 606 $aAir$xPollution$xMeasurement$2fast 606 $aAutomobiles$xMotors$xExhaust gas$2fast 606 $aMotor vehicles$xMotors$2fast 608 $aHandbooks and manuals.$2lcgft 615 0$aAir$xPollution$xMeasurement$xComputer programs 615 0$aMotor vehicles$xMotors. 615 0$aAutomobiles$xMotors$xExhaust gas. 615 7$aAir$xPollution$xMeasurement. 615 7$aAutomobiles$xMotors$xExhaust gas. 615 7$aMotor vehicles$xMotors. 712 02$aFederal Highway Administration Resource Center (U.S.), 712 02$aUnited States.$bEnvironmental Protection Agency.$bOffice of Transportation and Air Quality, 801 0$bELC 801 1$bELC 801 2$bOCLCO 801 2$bOCLCF 801 2$bGPO 906 $aBOOK 912 $a9910702620103321 996 $aBest practices$91692820 997 $aUNINA LEADER 03582nam 22004573 450 001 9910136693803321 005 20230808200046.0 010 $a0-7352-2116-2 035 $a(CKB)3710000000907271 035 $a(MiAaPQ)EBC6042304 035 $a(Au-PeEL)EBL6042304 035 $a(OCoLC)1014325318 035 $a(BIP)55699112 035 $a(BIP)54525895 035 $a(EXLCZ)993710000000907271 100 $a20210901d2016 uy 0 101 0 $aeng 135 $aurcnu|||||||| 181 $ctxt$2rdacontent 182 $cc$2rdamedia 183 $acr$2rdacarrier 200 10$aGenghis Khan and the Quest for God $eHow the World's Greatest Conqueror Gave Us Religious Freedom 205 $a1st ed. 210 1$a :$cPenguin Publishing Group,$d2016. 210 4$dİ2016. 215 $a1 online resource (425 pages) 311 08$a0-7352-2115-4 327 $aThe anger of the gods -- Becoming Temujin -- The teeth that eat men -- The golden whip of heaven -- Wisdom of the steppe -- Conflicting selves -- Becoming Genghis Khan -- Messenger of light -- Jesus of the steppe -- The making of the Mongol nation -- Guardians of the flame -- Becoming the world conqueror -- Wings of one bird -- God's omnipotence -- The thumb of fate -- Wild man from the mountain -- The Confucian and the unicorn -- Becoming a god -- The last campaign -- War, inside and out -- Burning the books -- Life after death -- The thunderbolt of God. 330 $aA landmark biography by the New York Times bestselling author of Genghis Khan and the Making of the Modern World that reveals how Genghis harnessed the power of religion to rule the largest empire the world has ever known. Throughout history the world's greatest conquerors have made their mark not just on the battlefield, but in the societies they have transformed. Genghis Khan conquered by arms and bravery, but he ruled by commerce and religion. He created the world's greatest trading network and drastically lowered taxes for merchants, but he knew that if his empire was going to last, he would need something stronger and more binding than trade. He needed religion. And so, unlike the Christian, Taoist and Muslim conquerors who came before him, he gave his subjects freedom of religion. Genghis lived in the 13th century, but he struggled with many of the same problems we face today: How should one balance religious freedom with the need to reign in fanatics? Can one compel rival religions - driven by deep seated hatred--to live together in peace? A celebrated anthropologist whose bestselling Genghis Khan and the Making of the Modern World radically transformed our understanding of the Mongols and their legacy, Jack Weatherford has spent eighteen years exploring areas of Mongolia closed until the fall of the Soviet Union and researching The Secret History of the Mongols, an astonishing document written in code that was only recently discovered. He pored through archives and found groundbreaking evidence of Genghis's influence on the founding fathers and his essential impact on Thomas Jefferson. Genghis Khan and the Quest for God is a masterpiece of erudition and insight, his most personal and resonant work. 606 $aGenghis Khan, 1162-1227--Religion 607 $aMongolia$xReligion 615 0$aGenghis Khan, 1162-1227--Religion. 676 $a323.44/209 700 $aWeatherford$b Jack$0527321 801 0$bMiAaPQ 801 1$bMiAaPQ 801 2$bMiAaPQ 906 $aBOOK 912 $a9910136693803321 996 $aGenghis Khan and the Quest for God$92808352 997 $aUNINA